La carrera política de Hugo Chávez y su legado bakalárska práca

Saved in:
Bibliographic Details
Main Author: Novosádová, Viktória
Corporate Author: Fakulta aplikovaných jazykov EU v Bratislave. Katedra románskych a slovanských jazykov
Other Authors: Maarová, Iveta
Format: Book
Language:Spanish
Published: Bratislava 2018
Tags: Add Tag
No Tags, Be the first to tag this record!

MARC

LEADER 00000nbm a2200000 4500
001 0244034
005 20181011092852.0
041 0 |a spa 
044 |a SK 
245 1 0 |a La carrera política de Hugo Chávez y su legado  |b bakalárska práca  |c Viktória Novosádová ; školiteľ: Iveta Maarová 
264 1 |a Bratislava  |c 2018 
300 |a 75 s. 
100 1 |a Novosádová, Viktória 
700 1 |a Maarová, Iveta 
710 2 |a Fakulta aplikovaných jazykov EU v Bratislave. Katedra románskych a slovanských jazykov